Current Manchester United Squad - Statistics

General Stats
  • This quiz has been taken 59 times
    35 since last reset
  • The average score is 19 of 34
Answer Stats
Number Player % Correct
8 Bruno Fernandes
88%
10 Marcus Rashford
88%
24 Andre Onana
82%
9 Anthony Martial
82%
6 Lisandro Martinez
79%
49 Alejandro Garnacho
76%
21 Antony
76%
20 Diogo Dalot
76%
5 Harry Maguire
76%
23 Luke Shaw
76%
19 Raphael Varane
76%
18 Casemiro
74%
2 Victor Lindelof
71%
14 Christian Eriksen
68%
7 Mason Mount
68%
39 Scott McTominay
68%
29 Aaron Wan-Bissaka
62%
25 Jadon Sancho
59%
37 Kobbie Mainoo
59%
12 Tyrell Malacia
59%
17 Fred
56%
16 Amad Diallo
44%
11 Mason Greenwood
44%
22 Tom Heaton
41%
3 Eric Bailly
35%
33 Brandon Williams
32%
28 Facundo Pellistri
32%
34 Donny Van De Beek
29%
26 Dean Henderson
24%
46 Hannibal
21%
27 Jonny Evans
18%
42 Alvaro Fernandez
15%
47 Shola Shoretire
15%
43 Teden Mengi
9%
No matching quizzes found
Score Distribution
Percent of People with Each Score
Percentile by Number Answered
Your Score History
You have not taken this quiz since the last reset